| 000 | nam a22 a 4500 | ||
|---|---|---|---|
| 999 |
_c4722 _d4722 |
||
| 003 | AKMAL | ||
| 005 | 20170801094848.0 | ||
| 008 | 170801s201 my | e l 001 0 eng d | ||
| 020 | _cRM48.00 | ||
| 040 | _cAKMAL | ||
| 082 | 0 | 4 |
_a346.595078 MAL _222 |
| 090 | 0 | 0 |
_a346.595078 _bMAL |
| 110 | 1 |
_aMalaysia _9400 |
|
| 240 | 1 |
_aAkta Kebankrapan, 1967. _lEnglish |
|
| 245 | 1 | 0 |
_aBankruptcy Act 1967 (Act 360) : _b[all amendment up to October 2003] |
| 260 |
_aKuala Lumpur: _bMDC Publishers Sdn. Bhd, _c2017 |
||
| 300 |
_a106p. ; _c24cm. |
||
| 650 | 1 | 0 |
_aBankruptcy _xLaw and legislation _zMalaysia _99042 |
| 942 |
_2ddc _cBOOK |
||